00406pab a2200133 454500008004000000100001600040245013400056260000900190300001700199362000800216650001200224700001800236773001800254180718b2011 xxu||||| |||| 00| 0 eng d aLevin, Eric aA disequilibrium model of the market for houses: Implicit selling time as a signal of optimal holding periods and buyer valuation c2011 ap.2249-2263. aAug aHousing aPryce, Gwilym aUrban Studies